Základy informatiky /

Na minha lista:
Detalhes bibliográficos
Autor principal: Žatkuliak, Ján G (Author)
Formato: Livro
Idioma:eslovaco
Publicado em: Bratislava : Slovenské pedagogické nakladateľstvo, 1978
Tags: Adicionar Tag
Sem tags, seja o primeiro a adicionar uma tag!

MARC

LEADER 00000nam a22000003a 4500
001 stu17234
005 20150617225754.3
008 910403s1978----cs------------------slo-d
040 |a STU  |b slo 
041 0 |a slo 
044 |a cs 
080 |a 007 
100 1 |a Žatkuliak, Ján G  |4 aut 
245 1 |a Základy informatiky /  |c [aut.]Žatkuliak,Ján G 
260 |a Bratislava :  |b Slovenské pedagogické nakladateľstvo,  |c 1978 
300 |a 277 s :  |b Obr.,tab.,schémy,lit 
996 |b C62943  |c C*62943  |l CCI  |s A  |a 24  |w stu17234_0001 
996 |b C87863  |c C*87863  |l CCXXI  |s P  |a 0  |w stu17234_0002